000 00542nam a2200193Ia 4500
005 20230516132615.0
008 131103s9999 xx 000 0 und d
040 _aLoreto College
041 _aEnglish
082 _a823.91
_bLAW
100 _aLawrence, D H
245 4 _aThe mortal coil
_b and other stories
_cD H Lawrence ; Edited by Keith Sagar
260 _aHarmondsworth
_bPenguin Books
_c1972
300 _a236p.
650 _aEnglish literature - short stories
700 _aSagar, keith;ed.
850 _aLCLIB
942 _cBK
999 _c22508
_d72987